Filosofía del derecho : (Registro nro. 8420)
[ vista simple ]
| 000 -LEADER | |
|---|---|
| fixed length control field | 01696nam a2200277Ia 4500 |
| 003 - CONTROL NUMBER IDENTIFIER | |
| control field | OSt |
| 005 - DATE AND TIME OF LATEST TRANSACTION | |
| control field | 20210830102750.0 |
| 008 - FIXED-LENGTH DATA ELEMENTS--GENERAL INFORMATION | |
| fixed length control field | 210310s1945 sp gr 000 0 spa d |
| 040 ## - CATALOGING SOURCE | |
| Original cataloging agency | CO-JMCR |
| Transcribing agency | CO-JMCR |
| 041 1# - LANGUAGE CODE | |
| Language code of text/sound track or separate title | spa |
| Language code of original | ger |
| 082 04 - DEWEY DECIMAL CLASSIFICATION NUMBER | |
| Classification number | 340.1 / |
| Item number | C363f |
| Edition number | 23 |
| 100 1# - MAIN ENTRY--PERSONAL NAME | |
| Personal name | Cathrein, S.J., Victor, |
| 9 (RLIN) | 17217 |
| Relator term | autor |
| 245 10 - TITLE STATEMENT | |
| Title | Filosofía del derecho : |
| Remainder of title | el derecho natural y el positivo / |
| Statement of responsibility, etc. | Victor Cathrein, S.J. ; traducción directa de la segunda edición alemana por Alberto Jardon y César Barja |
| 250 ## - EDITION STATEMENT | |
| Edition statement | Quinta edición |
| 260 ## - PUBLICATION, DISTRIBUTION, ETC. | |
| Place of publication, distribution, etc. | Madrid : |
| Name of publisher, distributor, etc. | Instituto Editorial Reus, |
| Date of publication, distribution, etc. | 1945 |
| 300 ## - PHYSICAL DESCRIPTION | |
| Extent | viii, 288 páginas ; |
| Dimensions | 23 cm. |
| 490 0# - SERIES STATEMENT | |
| Series statement | Biblioteca jurídica de autores españoles y extranjeros ; |
| Volume/sequential designation | 16 |
| 500 ## - GENERAL NOTE | |
| General note | Incluye notas a pie de página. |
| 505 0# - FORMATTED CONTENTS NOTE | |
| Formatted contents note | Objeto y método de la investigación jurídico-filosófica --¿Existen conceptos y principios de derecho universales, inmutables? -- El problema del método adecuado -- Concepto de derecho y de la justicia -- Concepto de la justica -- Concepto del derecho -- El fin y las propiedades del derecho .. Las fuentes del derecho -- Comparación de nuestra definición del derecho con la de otros autores -- Las fuentes del derecho -- ¿La fuente de todo derecho es el Estado? -- La convicción o el espíritu del pueblo ¿Es la última fuente del derecho? -- ¿Es el derecho un producto apriorístico puramente formal de nuestra razón? -- El derecho natural -- Derecho y moral |
| 650 14 - SUBJECT ADDED ENTRY--TOPICAL TERM | |
| Topical term or geographic name entry element | Filosofía del derecho |
| 9 (RLIN) | 17219 |
| 650 24 - SUBJECT ADDED ENTRY--TOPICAL TERM | |
| Topical term or geographic name entry element | Derecho natural |
| 9 (RLIN) | 39782 |
| 650 24 - SUBJECT ADDED ENTRY--TOPICAL TERM | |
| Topical term or geographic name entry element | Teoría del derecho |
| 9 (RLIN) | 7948 |
| 700 1# - ADDED ENTRY--PERSONAL NAME | |
| Personal name | Jardon, Alberto, |
| Relator term | traductor |
| 9 (RLIN) | 39783 |
| 700 1# - ADDED ENTRY--PERSONAL NAME | |
| Personal name | Barja, César, |
| Relator term | traductor |
| 9 (RLIN) | 39784 |
| 942 ## - ADDED ENTRY ELEMENTS (KOHA) | |
| Source of classification or shelving scheme | Dewey Decimal Classification |
| Koha item type | Books |
| Withdrawn status | Lost status | Source of classification or shelving scheme | Damaged status | Not for loan | Collection code | Home library | Current library | Date acquired | Source of acquisition | Full call number | Barcode | Date last seen | Copy number | Koha item type |
|---|---|---|---|---|---|---|---|---|---|---|---|---|---|---|
| Dewey Decimal Classification | Non-fiction | Biblioteca Pública José María del Castillo y Rada | Biblioteca Pública José María del Castillo y Rada | 04/15/2018 | Donación | 340.1 / C363f | 430006401 | 05/16/2024 | Ej.1 | Books |